[Event "IX Festival Magistrale"]
[Site "Amantea ITA"]
[Date "2011.09.06"]
[Round "3"]
[White "Hajenius, Willem"]
[Black "Forlano, Luigi"]
[Result "1-0"]
[WhiteElo "2002"]
[BlackElo "1976"]
[PlyCount "63"]
[EventDate "2011.09.04"]

1. d4 d5 2. c4 e6 3. cxd5 exd5 4. Nc3 c5 5. Nf3 Nc6 6. g3 Nf6 7. Bg2 Be7 8. O-O
O-O 9. a3 c4 10. Re1 Na5 11. Nd2 Bf5 12. Nxd5 Nxd5 13. e4 c3 14. Nb3 cxb2 15.
Bxb2 Nc4 16. Qe2 Nxb2 17. Qxb2 Bg6 18. exd5 Bf6 19. Nc5 Rc8 20. Ne4 Be7 21.
Rac1 Kh8 22. Rxc8 Qxc8 23. d6 Bd8 24. Nc5 b6 25. d7 Qc7 26. Re8 Kg8 27. Qe2 Qd6
28. Rxf8+ Qxf8 29. Nb7 f6 30. Bd5+ Kh8 31. Nxd8 Qxd8 32. Qe6 1-0

[Event "IX Festival Magistrale"]
[Site "Amantea ITA"]
[Date "2011.09.06"]
[Round "3"]
[White "Milchev, Nikolay"]
[Black "Bentivegna, Francesco"]
[Result "1-0"]
[WhiteElo "2418"]
[BlackElo "2322"]
[PlyCount "87"]
[EventDate "2011.09.04"]

1. Nf3 f5 2. d4 e6 3. c4 Nf6 4. Nc3 Be7 5. Bg5 Ne4 6. Bxe7 Qxe7 7. Qc2 Nxc3 8.
Qxc3 d6 9. e3 Nd7 10. Bd3 Nf6 11. O-O-O Bd7 12. Rhe1 Bc6 13. d5 exd5 14. Nd4
Bd7 15. Bxf5 c5 16. Bxd7+ Qxd7 17. Nf3 O-O 18. h3 b5 19. cxd5 Ne4 20. Qc2 Rae8
21. Re2 a5 22. Ng1 a4 23. f3 Ng3 24. Ree1 Nf5 25. Qf2 Qe7 26. e4 Nd4 27. Qd2 b4
28. Ne2 Nb5 29. Nf4 a3 30. Ne6 b3 31. axb3 a2 32. Kc2 Rb8 33. Qa5 Rfc8 34. Qxa2
Ra8 35. Qb1 c4 36. bxc4 Rxc4+ 37. Kd3 Rb4 38. Qc2 Rb8 39. Rd2 Qa7 40. Ke2 Qa2
41. Kf1 Nd4 42. Nxd4 Rxb2 43. Qc7 Qa6+ 44. Rde2 1-0

[Event "IX Festival Magistrale"]
[Site "Amantea ITA"]
[Date "2011.09.06"]
[Round "3"]
[White "Okhotnik, Vladimir"]
[Black "Lombardi, Mariano"]
[Result "1-0"]
[WhiteElo "2445"]
[BlackElo "2061"]
[PlyCount "55"]
[EventDate "2011.09.04"]

1. e4 c5 2. Nf3 d6 3. Bc4 Nf6 4. d3 Nc6 5. c3 e6 6. Bb3 Be7 7. O-O O-O 8. Re1
b5 9. Nbd2 d5 10. Bc2 Qc7 11. Qe2 Re8 12. Nf1 Bb7 13. Ng3 d4 14. Bd2 Rad8 15.
cxd4 cxd4 16. Rac1 Qb6 17. e5 Nd7 18. h4 Rc8 19. Bb1 b4 20. Bf4 Nc5 21. b3 a5
22. Nd2 Qa7 23. Qg4 f5 24. exf6 Bxf6 25. Nh5 Kh8 26. Nc4 Rg8 27. Nd6 e5 28.
Nf7# 1-0

[Event "IX Festival Magistrale"]
[Site "Amantea ITA"]
[Date "2011.09.06"]
[Round "3"]
[White "Palazzotto, Roberto"]
[Black "Carbone, Stefano"]
[Result "1/2-1/2"]
[WhiteElo "1877"]
[BlackElo "1933"]
[PlyCount "68"]
[EventDate "2011.09.04"]

1. d4 d5 2. Nc3 Nf6 3. Bg5 e6 4. e4 dxe4 5. Nxe4 Nbd7 6. Nf3 Be7 7. Bxf6 Nxf6
8. Bd3 c6 9. Qd2 Qc7 10. Ne5 b6 11. g4 Bb7 12. O-O-O Nd7 13. f4 Nxe5 14. dxe5
O-O-O 15. Rhf1 c5 16. Qe2 Rd4 17. c3 c4 18. Bc2 Rdd8 19. Kb1 Bd5 20. Ng3 g6 21.
Be4 Qc6 22. Bxd5 exd5 23. Qd2 f6 24. exf6 Bxf6 25. Ne2 Rhe8 26. f5 gxf5 27.
Rxf5 Bh8 28. Nd4 Qg6 29. Qg5 Qxg5 30. Rxg5 Bxd4 31. Rxd4 Re1+ 32. Kc2 Rh1 33.
Rgxd5 Rxh2+ 34. Kc1 Rh1+ 1/2-1/2

[Event "IX Festival Magistrale"]
[Site "Amantea ITA"]
[Date "2011.09.06"]
[Round "3"]
[White "Rago, Riccardo"]
[Black "Rombaldoni, Axel"]
[Result "0-1"]
[WhiteElo "2065"]
[BlackElo "2487"]
[PlyCount "94"]
[EventDate "2011.09.04"]

1. e4 c5 2. Nf3 Nc6 3. d4 cxd4 4. Nxd4 Nf6 5. Nc3 d6 6. Be2 g6 7. Be3 Bg7 8.
O-O O-O 9. Nb3 a5 10. a4 Nb4 11. f4 Be6 12. Nd4 Bd7 13. Qd2 Rc8 14. Bf3 Rc4 15.
Rad1 Ng4 16. Bxg4 Bxg4 17. Rc1 d5 18. e5 f6 19. exf6 Bxf6 20. Ncb5 Rf7 21. c3
Na6 22. b3 Rc8 23. f5 Nc5 24. h3 Ne4 25. Qe1 Bxf5 26. Nxf5 gxf5 27. Rxf5 e6 28.
Rf3 Rg7 29. Rc2 Qe7 30. Qc1 Rg6 31. Kh2 Qg7 32. Bd4 e5 33. Bg1 Kh8 34. Rf5 Rg8
35. Qb2 Rh6 36. Rf3 Ng5 37. Rg3 Nxh3 38. Rxg7 Nf4+ 39. Kg3 Rxg7+ 40. Kf3 Rhg6
41. Bh2 Nd3 42. Qb1 Rh6 43. g3 e4+ 44. Ke3 Ne5 45. Kd4 Rd7 46. Rf2 Bg7 47. Qf1
Ng4+ 0-1

[Event "IX Festival Magistrale"]
[Site "Amantea ITA"]
[Date "2011.09.06"]
[Round "3"]
[White "Roos, David"]
[Black "Schaefer, Heiko"]
[Result "0-1"]
[WhiteElo "2011"]
[BlackElo "2083"]
[PlyCount "64"]
[EventDate "2011.09.04"]

1. e4 e6 2. Nc3 d5 3. d4 Nf6 4. e5 Nfd7 5. Nf3 c5 6. dxc5 Nc6 7. Bf4 Bxc5 8.
Bd3 Qb6 9. Na4 Qb4+ 10. Qd2 Qxa4 11. O-O Nb4 12. b3 Qc6 13. Be2 Qc7 14. a3 Nc6
15. b4 Be7 16. Rfe1 b6 17. Rac1 Bb7 18. c4 dxc4 19. Bxc4 Rd8 20. Qb2 a6 21. Bg3
b5 22. Bd5 Nb6 23. Be4 Nc4 24. Qc3 Nb8 25. h4 Bxe4 26. Rxe4 Nc6 27. h5 Qd7 28.
Rg4 g6 29. Qe1 Nxa3 30. Qe4 Nc4 31. Nh4 Qd5 32. Qf4 Qd2 0-1

[Event "IX Festival Magistrale"]
[Site "Amantea ITA"]
[Date "2011.09.06"]
[Round "3"]
[White "Van Eijk, Sander"]
[Black "Rotunno, Giuseppe"]
[Result "1-0"]
[WhiteElo "2372"]
[BlackElo "2037"]
[PlyCount "59"]
[EventDate "2011.09.04"]

1. e4 d6 2. d4 Nf6 3. Nc3 g6 4. Bc4 Bg7 5. Qe2 e5 6. dxe5 dxe5 7. Nf3 O-O 8.
Nxe5 c6 9. Bb3 Nxe4 10. Nxf7 Rxf7 11. Nxe4 Kf8 12. Qc4 Qa5+ 13. Bd2 Qd5 14.
Qb4+ c5 15. Bxd5 cxb4 16. Bxb4+ Re7 17. O-O-O Na6 18. Bxe7+ Kxe7 19. Rhe1 Kf8
20. Nd6 Nc7 21. Rd3 Bh6+ 22. Kb1 Bg4 23. h3 Nxd5 24. hxg4 Nf4 25. Rf3 Rd8 26.
g5 Bxg5 27. Ne4 Kg7 28. Nxg5 Nxg2 29. Rh1 Nh4 30. Rfh3 1-0

[Event "IX Festival Magistrale"]
[Site "Amantea ITA"]
[Date "2011.09.07"]
[Round "4"]
[White "Bentivegna, Francesco"]
[Black "Gromovs, Sergejs"]
[Result "1/2-1/2"]
[WhiteElo "2322"]
[BlackElo "2297"]
[PlyCount "60"]
[EventDate "2011.09.04"]

1. e4 e5 2. Nf3 Nc6 3. Nc3 Nf6 4. Bb5 Bb4 5. O-O O-O 6. d3 Bxc3 7. bxc3 d6 8.
Bg5 h6 9. Bh4 Ne7 10. Bxf6 gxf6 11. Nh4 c6 12. Bc4 d5 13. Bb3 Ng6 14. Nxg6 fxg6
15. f4 Kg7 16. exd5 cxd5 17. fxe5 fxe5 18. Rxf8 Qxf8 19. Qe2 Qd6 20. Re1 Be6
21. Qxe5+ Qxe5 22. Rxe5 Kf6 23. d4 Rc8 24. Re3 b5 25. Kf2 a5 26. a3 a4 27. Ba2
h5 28. h4 Rd8 29. Re5 Rd7 30. Ke3 Rd8 1/2-1/2

[Event "IX Festival Magistrale"]
[Site "Amantea ITA"]
[Date "2011.09.07"]
[Round "4"]
[White "Carbone, Stefano"]
[Black "Sarro, Emilio"]
[Result "1-0"]
[WhiteElo "1933"]
[BlackElo "1979"]
[PlyCount "63"]
[EventDate "2011.09.04"]

1. Nf3 Nf6 2. c4 c5 3. g3 Nc6 4. Bg2 e6 5. O-O Be7 6. Nc3 O-O 7. d4 cxd4 8.
Nxd4 d5 9. cxd5 exd5 10. Nxc6 bxc6 11. Qa4 Bd7 12. Rd1 Qb6 13. Qc2 Rad8 14. Be3
Qc7 15. Nxd5 Nxd5 16. Bxd5 Qe5 17. Be4 h5 18. Bf4 Qa5 19. a3 Rfe8 20. Bxc6 Bf5
21. Qa4 Qxa4 22. Bxa4 Rxd1+ 23. Rxd1 Rc8 24. Be5 Rc4 25. Rd4 Rc5 26. Bf4 g5 27.
Be3 Rc7 28. Kg2 Bf6 29. Rd2 a5 30. Bd4 Rc4 31. Bxf6 Rxa4 32. Bxg5 1-0

[Event "IX Festival Magistrale"]
[Site "Amantea ITA"]
[Date "2011.09.07"]
[Round "4"]
[White "Drasko, Milan"]
[Black "Rizzo, Giovanbattista"]
[Result "1-0"]
[WhiteElo "2478"]
[BlackElo "2093"]
[PlyCount "71"]
[EventDate "2011.09.04"]

1. Nf3 c5 2. g3 Nc6 3. Bg2 d5 4. O-O Nf6 5. c4 d4 6. e3 e5 7. exd4 exd4 8. d3
Be7 9. Bf4 O-O 10. Ne5 Nxe5 11. Bxe5 Bd6 12. Bxf6 Qxf6 13. Nd2 Bf5 14. Ne4 Bxe4
15. Bxe4 Rab8 16. Re1 g6 17. Kg2 Rfe8 18. Qa4 a6 19. Rac1 Qd8 20. Bxb7 Re7 21.
Bf3 Rxb2 22. Qxa6 Qb8 23. Rxe7 Bxe7 24. Re1 Bg5 25. Qa4 Be3 26. Re2 Rxe2 27.
Bxe2 Qb2 28. Qe8+ Kg7 29. Qe5+ Kg8 30. Kf3 Qb7+ 31. Qe4 Qxe4+ 32. Kxe4 Bd2 33.
Kd5 Bb4 34. a4 Kf8 35. Kc6 Ke7 36. Kb6 1-0

[Event "IX Festival Magistrale"]
[Site "Amantea ITA"]
[Date "2011.09.07"]
[Round "4"]
[White "Dvirnyy, Danyyil"]
[Black "Collutiis, Duilio"]
[Result "1/2-1/2"]
[WhiteElo "2457"]
[BlackElo "2474"]
[PlyCount "47"]
[EventDate "2011.09.04"]

1. e4 e5 2. Nf3 Nc6 3. Bb5 a6 4. Ba4 Nf6 5. O-O Be7 6. Bxc6 dxc6 7. d3 Nd7 8.
Nbd2 c5 9. Nc4 f6 10. Nh4 O-O 11. Nf5 Rf7 12. f4 exf4 13. Bxf4 Nf8 14. Nce3 Ne6
15. Nxe7+ Rxe7 16. Nf5 Rf7 17. Be3 Nd4 18. Ng3 b6 19. Rf2 Nc6 20. b3 Be6 21.
Nf5 a5 22. a4 Bxf5 23. Rxf5 Qd7 24. Qf1 1/2-1/2

[Event "IX Festival Magistrale"]
[Site "Amantea ITA"]
[Date "2011.09.07"]
[Round "4"]
[White "Gregori, Giacomo"]
[Black "Hajenius, Willem"]
[Result "0-1"]
[WhiteElo "1993"]
[BlackElo "2002"]
[PlyCount "72"]
[EventDate "2011.09.04"]

1. Nf3 Nf6 2. b3 g6 3. Bb2 Bg7 4. g3 O-O 5. Bg2 c6 6. O-O d6 7. d4 Qc7 8. c4
Nbd7 9. Nc3 e5 10. e4 exd4 11. Nxd4 a5 12. Qd2 Nc5 13. Rad1 Re8 14. Rfe1 Bg4
15. f3 Be6 16. Nxe6 Nxe6 17. Ba3 Qb6+ 18. Kh1 Rad8 19. Bxd6 Qa7 20. e5 Nh5 21.
Bh3 Bf8 22. Bxe6 Rxe6 23. g4 Bxd6 24. gxh5 Bc7 25. Qf4 Rde8 26. Rd7 R8e7 27.
Rxe7 Rxe7 28. Rd1 f5 29. hxg6 hxg6 30. Qh6 Rg7 31. Qh4 Qe3 32. Rd8+ Bxd8 33.
Qxd8+ Kh7 34. Qh4+ Qh6 35. Qe1 Qf4 36. Qe2 Qc1+ 0-1

[Event "IX Festival Magistrale"]
[Site "Amantea ITA"]
[Date "2011.09.07"]
[Round "4"]
[White "Janev, Evgeni"]
[Black "Levin, Felix"]
[Result "0-1"]
[WhiteElo "2511"]
[BlackElo "2482"]
[PlyCount "80"]
[EventDate "2011.09.04"]

1. e4 c6 2. d4 d5 3. exd5 cxd5 4. c4 Nf6 5. Nc3 Nc6 6. Nf3 Be6 7. cxd5 Bxd5 8.
Nxd5 Nxd5 9. Qb3 Rb8 10. Bb5 e6 11. O-O Bd6 12. Qa4 Qb6 13. Bd2 O-O 14. Rac1
Rfc8 15. a3 Nde7 16. Be3 Nf5 17. Bd3 Nce7 18. b4 g6 19. g4 Nxe3 20. fxe3 Rxc1
21. Rxc1 Nd5 22. Kf2 Rd8 23. Qb3 Bb8 24. g5 Kg7 25. Be4 h6 26. gxh6+ Kxh6 27.
Bxd5 exd5 28. e4 dxe4 29. Qe3+ Kg7 30. Qxe4 Rh8 31. h4 a5 32. bxa5 Qxa5 33. Qe3
Qf5 34. Rc5 Qh3 35. d5 Bg3+ 36. Ke2 Qg2+ 37. Kd1 Bxh4 38. Rc7 Bf6 39. Qd3 Rh3
40. d6 Rxf3 0-1

[Event "IX Festival Magistrale"]
[Site "Amantea ITA"]
[Date "2011.09.07"]
[Round "4"]
[White "Marholev, Dimitar"]
[Black "Spirin, Oleg"]
[Result "1-0"]
[WhiteElo "2355"]
[BlackElo "2493"]
[PlyCount "107"]
[EventDate "2011.09.04"]

1. d4 Nf6 2. Nf3 g6 3. c4 Bg7 4. Nc3 d6 5. e4 O-O 6. h3 Na6 7. Bg5 Qe8 8. Bd3
e5 9. d5 Nh5 10. g3 f5 11. Nd2 h6 12. g4 fxg4 13. hxg4 Nf4 14. Bxf4 exf4 15. f3
Nc5 16. Nb3 Nxb3 17. Qxb3 Qe5 18. O-O-O Bd7 19. c5 Kh8 20. Bb5 Bxb5 21. Qxb5
Rfb8 22. Qd7 dxc5 23. Qf7 Qg5 24. e5 Rf8 25. Qxc7 Rfc8 26. Ne4 Rxc7 27. Nxg5
Bxe5 28. Rxh6+ Kg8 29. Ne6 Rd7 30. Rxg6+ Kf7 31. Rg5 Bf6 32. Rf5 Ke7 33. Nxf4
Bd4 34. Ne6 Be3+ 35. Kc2 Rh8 36. Kd3 Bf2 37. Rd2 Bg1 38. Ng5 Rg8 39. Rg2 c4+
40. Kxc4 Bb6 41. Re2+ Kd8 42. Ne6+ Kc8 43. Rf8+ Rxf8 44. Nxf8 Rc7+ 45. Kd3 Rf7
46. Re8+ Kc7 47. Ke4 Kd6 48. Re6+ Kc5 49. Re8 Kd6 50. b4 Bg1 51. Re6+ Kc7 52.
d6+ Kd8 53. Ng6 Rh7 54. Ne5 1-0

[Event "IX Festival Magistrale"]
[Site "Amantea ITA"]
[Date "2011.09.07"]
[Round "4"]
[White "Milchev, Nikolay"]
[Black "Epishin, Vladimir V."]
[Result "0-1"]
[WhiteElo "2418"]
[BlackElo "2544"]
[PlyCount "84"]
[EventDate "2011.09.04"]

1. Nf3 c5 2. c4 g6 3. Nc3 Bg7 4. e3 Nf6 5. d4 O-O 6. Be2 d6 7. O-O Bf5 8. h3 a6
9. d5 b5 10. cxb5 Ne4 11. Nxe4 Bxe4 12. Ng5 Bf5 13. e4 Bd7 14. bxa6 Nxa6 15. f4
Nc7 16. Qe1 e6 17. dxe6 Nxe6 18. Bc4 Nxg5 19. fxg5 Qe7 20. Bd5 Ra4 21. Qd1 Rd4
22. Qf3 Be6 23. Bf4 c4 24. Qa3 Bxd5 25. exd5 Rxd5 26. Rad1 Rxd1 27. Rxd1 Qe2
28. Qxd6 Qxb2 29. a4 c3 30. a5 c2 31. Rc1 Rc8 32. Kh2 Qd4 33. Qxd4 Bxd4 34. a6
f5 35. gxf6 Kf7 36. Kg3 Rc3+ 37. Kh2 Rc8 38. Kg3 Kxf6 39. Rf1 Ke6 40. Kf3 Rf8
41. Re1+ Kd5 42. h4 Bc3 0-1

[Event "IX Festival Magistrale"]
[Site "Amantea ITA"]
[Date "2011.09.07"]
[Round "4"]
[White "Mirzoev, Azer"]
[Black "Cordi', Domenico"]
[Result "1-0"]
[WhiteElo "2468"]
[BlackElo "2053"]
[PlyCount "54"]
[EventDate "2011.09.04"]

1. d4 Nf6 2. c4 g6 3. Nc3 Bg7 4. e4 d6 5. f3 Na6 6. Be3 Nd7 7. Nge2 c5 8. Qd2
b6 9. d5 h5 10. Nc1 Nc7 11. Be2 Ba6 12. O-O Ne5 13. b3 Qd7 14. a4 e6 15. h3
exd5 16. cxd5 Bxe2 17. N1xe2 Qe7 18. Rae1 O-O 19. Bh6 Ne8 20. Bxg7 Nxg7 21. f4
Nd7 22. Ng3 a6 23. Re3 Rab8 24. e5 dxe5 25. fxe5 Nxe5 26. d6 Qe6 27. Nd5 Ne8
1-0

[Event "IX Festival Magistrale"]
[Site "Amantea ITA"]
[Date "2011.09.07"]
[Round "4"]
[White "Piscopo, Pierluigi"]
[Black "Okhotnik, Vladimir"]
[Result "1/2-1/2"]
[WhiteElo "2373"]
[BlackElo "2445"]
[PlyCount "50"]
[EventDate "2011.09.04"]

1. e4 e5 2. Nf3 Nc6 3. Bc4 Nf6 4. d3 Be7 5. O-O O-O 6. Re1 d6 7. a4 Be6 8. Nc3
Qd7 9. Nd5 h6 10. c3 Bg4 11. h3 Bh5 12. Nxf6+ Bxf6 13. Nxe5 Nxe5 14. Qxh5 Rfe8
15. Bf4 Nxc4 16. dxc4 Be5 17. Bd2 Qc6 18. b3 Re6 19. Re2 Rae8 20. Rae1 Qb6 21.
Rb1 Bf6 22. Qf3 Qc6 23. Rbe1 Qb6 24. Rb1 Qc6 25. Rbe1 Qb6 1/2-1/2

[Event "IX Festival Magistrale"]
[Site "Amantea ITA"]
[Date "2011.09.07"]
[Round "4"]
[White "Rotelli, Pietro"]
[Black "Roos, David"]
[Result "0-1"]
[WhiteElo "1918"]
[BlackElo "2011"]
[PlyCount "62"]
[EventDate "2011.09.04"]

1. d4 Nf6 2. c4 g6 3. Nc3 d5 4. e3 Bg7 5. Nf3 c5 6. dxc5 Qa5 7. Qa4+ Qxa4 8.
Nxa4 O-O 9. Bd2 dxc4 10. Bxc4 Ne4 11. O-O Bd7 12. Nc3 Nxc5 13. Nd5 Nc6 14. Bc3
e5 15. a4 Ne4 16. Bb4 Nxb4 17. Nxb4 Bg4 18. Rfd1 Nc5 19. h3 Bd7 20. b3 Rac8 21.
Rac1 h6 22. Nd5 Rfe8 23. Nd2 Kf8 24. e4 Ne6 25. Nf3 Nd4 26. Nxd4 exd4 27. f3
Rc5 28. Nf4 Rec8 29. Nd3 R5c7 30. Bd5 Bc6 31. Bc4 Bxa4 0-1

[Event "IX Festival Magistrale"]
[Site "Amantea ITA"]
[Date "2011.09.07"]
[Round "4"]
[White "Rotunno, Giuseppe"]
[Black "Palazzotto, Roberto"]
[Result "0-1"]
[WhiteElo "2037"]
[BlackElo "1877"]
[PlyCount "86"]
[EventDate "2011.09.04"]

1. d4 d5 2. Nf3 Nf6 3. g3 c5 4. e3 Nc6 5. Bg2 Bg4 6. h3 Bh5 7. O-O e6 8. c4 Be7
9. cxd5 Nxd5 10. dxc5 Bxc5 11. a3 a5 12. Qc2 Qe7 13. e4 Bxf3 14. Bxf3 Nd4 15.
Qd1 Nb6 16. Be3 Rd8 17. Nd2 O-O 18. Rc1 Nxf3+ 19. Qxf3 Rc8 20. Nb3 Bxe3 21.
Qxe3 Nc4 22. Qe2 b5 23. Nd4 Qc5 24. Nf3 Qe7 25. Rc3 Qb7 26. Rfc1 Nd6 27. e5
Rxc3 28. Rxc3 Nf5 29. Rc5 Rb8 30. Qc2 h6 31. Qe2 Qb6 32. b4 axb4 33. axb4 Qb7
34. Qd3 Qa6 35. g4 Ne7 36. Nd4 Ng6 37. Nc6 Rc8 38. Qd7 Ra8 39. Rxb5 Qa1+ 40.
Kh2 Qf1 41. Rb8+ Rxb8 42. Nxb8 Qxf2+ 43. Kh1 Nh4 0-1

[Event "IX Festival Magistrale"]
[Site "Amantea ITA"]
[Date "2011.09.07"]
[Round "4"]
[White "Valguarnera, Girolamo"]
[Black "Van Melkebeke, Willem"]
[Result "1-0"]
[WhiteElo "2148"]
[BlackElo "1926"]
[PlyCount "77"]
[EventDate "2011.09.04"]

1. e4 c5 2. Nf3 e6 3. d4 cxd4 4. Nxd4 Nc6 5. Be2 Nf6 6. Nxc6 bxc6 7. Nd2 d5 8.
exd5 exd5 9. O-O Bd6 10. Nf3 h6 11. c4 O-O 12. cxd5 cxd5 13. Be3 a6 14. Nd4 Bb7
15. Rc1 Qd7 16. h3 Rfe8 17. Bd3 Ne4 18. Bc2 Rac8 19. Ba4 Rxc1 20. Bxc1 Qd8 21.
Bxe8 Qxe8 22. Nf5 Bb8 23. Qg4 Be5 24. Nxh6+ Kf8 25. Nf5 Bc8 26. Qh5 g6 27. Qh6+
Kg8 28. Nh4 Bg7 29. Qe3 d4 30. Qe2 Qc6 31. Nf3 a5 32. Re1 f5 33. Bf4 Ba6 34.
Qd1 d3 35. Qb3+ Bc4 36. Qb8+ Kh7 37. Ng5+ Nxg5 38. Bxg5 Bxa2 39. Re7 1-0

[Event "IX Festival Magistrale"]
[Site "Amantea ITA"]
[Date "2011.09.08"]
[Round "5"]
[White "Carlomagno, Vincenzo"]
[Black "Schaefer, Heiko"]
[Result "1-0"]
[WhiteElo "1913"]
[BlackElo "2083"]
[PlyCount "147"]
[EventDate "2011.09.04"]

1. e4 e6 2. d3 d5 3. Nd2 Nf6 4. Ngf3 Bc5 5. Be2 Nc6 6. c3 dxe4 7. dxe4 O-O 8.
O-O Qe7 9. Qc2 e5 10. b4 Bd6 11. Nc4 h6 12. a4 Be6 13. Rd1 Bxc4 14. Bxc4 Nd8
15. Nh4 Ne6 16. Nf5 Qd7 17. Ba3 Ng5 18. f3 g6 19. Nxd6 cxd6 20. b5 Qc7 21. Bf1
Rfd8 22. h4 Ne6 23. Qd2 Kg7 24. Bxd6 Qb6+ 25. Kh1 Rd7 26. a5 Qd8 27. Bc4 Nf4
28. g3 N4h5 29. Kg2 Kg8 30. Qxh6 Rxd6 31. Rxd6 Qxd6 32. Qxg6+ Ng7 33. Qxf7+ Kh8
34. Qxb7 Rd8 35. Qxa7 Qd2+ 36. Kh3 Qxc3 37. Qc7 Qxa1 38. Qxd8+ Nge8 39. Qd2 Qd4
40. Qa2 Qd1 41. Qg2 Nd6 42. Be2 Qa4 43. a6 Nxb5 44. Bxb5 Qxb5 45. a7 Qd7+ 46.
Kh2 Qxa7 47. Qb2 Kh7 48. Kg2 Qe3 49. Qf2 Qd3 50. g4 Kg6 51. Qe1 Nd7 52. Qc1 Kf7
53. Kg3 Qd4 54. g5 Nc5 55. h5 Ne6 56. Kg4 Nf4 57. Qc7+ Ke8 58. Qc6+ Ke7 59.
Qf6+ Ke8 60. h6 Qd7+ 61. Qf5 Qd4 62. Qc8+ Ke7 63. h7 Ng6 64. h8=Q Nxh8 65. Qxh8
Qd7+ 66. Kg3 Qd4 67. Qf6+ Ke8 68. Kg4 Qc3 69. g6 Qb2 70. Kf5 Qa3 71. Qxe5+ Kf8
72. Qh8+ Ke7 73. f4 Qc5+ 74. Qe5+ 1-0

[Event "IX Festival Magistrale"]
[Site "Amantea ITA"]
[Date "2011.09.08"]
[Round "5"]
[White "Cordi', Domenico"]
[Black "Janev, Evgeni"]
[Result "0-1"]
[WhiteElo "2053"]
[BlackElo "2511"]
[PlyCount "78"]
[EventDate "2011.09.04"]

1. d4 d6 2. c4 g6 3. Nc3 Bg7 4. Nf3 c6 5. e4 Bg4 6. Be3 Nf6 7. Be2 O-O 8. O-O
a6 9. h3 Bxf3 10. Bxf3 Nfd7 11. a4 c5 12. d5 Nb6 13. Be2 e5 14. a5 Nc8 15. b4
cxb4 16. Qb3 Nd7 17. Qxb4 Rb8 18. Rfb1 f5 19. f3 Rf7 20. Na4 Bf8 21. Qd2 Nc5
22. Nxc5 dxc5 23. Bd3 Nd6 24. Rb6 Rc8 25. Re1 fxe4 26. fxe4 Be7 27. Rbb1 Qc7
28. Rf1 Rxf1+ 29. Rxf1 Rf8 30. Rxf8+ Bxf8 31. Qc3 Nf7 32. Qa3 Be7 33. Be2 h5
34. g3 b6 35. axb6 Qxb6 36. Kg2 Kg7 37. Bf3 a5 38. Bd2 a4 39. h4 Nd6 0-1

[Event "IX Festival Magistrale"]
[Site "Amantea ITA"]
[Date "2011.09.08"]
[Round "5"]
[White "Dvirnyy, Danyyil"]
[Black "Mirzoev, Azer"]
[Result "1/2-1/2"]
[WhiteElo "2457"]
[BlackElo "2468"]
[PlyCount "135"]
[EventDate "2011.09.04"]

1. e4 e5 2. Nf3 Nc6 3. Bb5 a6 4. Ba4 d6 5. O-O Bd7 6. c3 g6 7. d4 Bg7 8. Be3
Nf6 9. Nbd2 O-O 10. h3 Re8 11. d5 Ne7 12. c4 b5 13. Bc2 c6 14. dxc6 Nxc6 15.
Rc1 h6 16. Bb1 Rc8 17. Qe2 Na5 18. Rfd1 bxc4 19. Nxc4 Nxc4 20. Rxc4 Bb5 21.
Rxc8 Qxc8 22. Qd2 Bc6 23. Bxh6 Bxe4 24. Bxg7 Kxg7 25. Bxe4 Nxe4 26. Qd3 Qc6 27.
h4 Rc8 28. Ng5 Nxg5 29. hxg5 Rd8 30. Qe3 Qc2 31. Rxd6 Qb1+ 32. Kh2 Rh8+ 33. Kg3
Qxb2 34. Rb6 Qd4 35. Qxd4 exd4 36. Rd6 Rb8 37. Rxd4 Rb5 38. f4 Ra5 39. a4 Rc5
40. Kg4 Kf8 41. Re4 Rc2 42. g3 Ra2 43. Kh3 Ra3 44. Kg2 Ra2+ 45. Kf3 Ra3+ 46.
Kg4 a5 47. Kh3 Kg7 48. Rd4 Kf8 49. Re4 Kg7 50. Kg2 Ra2+ 51. Kf3 Ra3+ 52. Kf2
Ra2+ 53. Ke1 Kf8 54. g4 Rg2 55. f5 gxf5 56. gxf5 Rxg5 57. Re5 Rg4 58. Rxa5 Ke7
59. Ra6 f6 60. Kd2 Rf4 61. Ra5 Kd6 62. Kd3 Rh4 63. Kc3 Rf4 64. Kb3 Rf3+ 65. Kb4
Rf4+ 66. Kb3 Rf3+ 67. Kb4 Rf4+ 68. Kb3 1/2-1/2

[Event "IX Festival Magistrale"]
[Site "Amantea ITA"]
[Date "2011.09.08"]
[Round "5"]
[White "Epishin, Vladimir V."]
[Black "Drasko, Milan"]
[Result "1/2-1/2"]
[WhiteElo "2544"]
[BlackElo "2478"]
[PlyCount "49"]
[EventDate "2011.09.04"]

1. Nf3 Nf6 2. c4 e6 3. e3 d5 4. d4 Be7 5. Nbd2 O-O 6. Be2 Nbd7 7. O-O c5 8.
cxd5 Nxd5 9. Nb3 Qc7 10. dxc5 Nxc5 11. Bd2 Bd7 12. Nxc5 Qxc5 13. Qb3 Rfd8 14.
e4 Nf6 15. Rfc1 Qb6 16. Qxb6 axb6 17. Be3 Rdc8 18. Ne5 Rxc1+ 19. Rxc1 Rxa2 20.
g4 Bc6 21. Bf3 Bc5 22. Bxc5 bxc5 23. g5 Ne8 24. Nxc6 bxc6 25. e5 1/2-1/2

[Event "IX Festival Magistrale"]
[Site "Amantea ITA"]
[Date "2011.09.08"]
[Round "5"]
[White "Forlano, Luigi"]
[Black "Van Melkebeke, Willem"]
[Result "0-1"]
[WhiteElo "1976"]
[BlackElo "1926"]
[PlyCount "64"]
[EventDate "2011.09.04"]

1. e4 c5 2. Nc3 Nc6 3. f4 g6 4. Nf3 Bg7 5. Bb5 Nd4 6. O-O Nxb5 7. Nxb5 d5 8.
exd5 a6 9. Nc3 Nf6 10. d4 c4 11. Ne5 Nxd5 12. Ne4 Qc7 13. Qe2 c3 14. b3 b5 15.
a4 b4 16. Be3 O-O 17. Rf2 a5 18. Nc5 Qd6 19. Rd1 Nc7 20. Nc4 Qc6 21. g4 Rd8 22.
h3 Na6 23. d5 Rxd5 24. Rxd5 Qxd5 25. Nb6 Qc6 26. Nxa8 Nxc5 27. Qb5 Qe4 28. Bxc5
Bb7 29. Qe8+ Bf8 30. Kh2 Qh1+ 31. Kg3 Bxa8 32. f5 g5 0-1

[Event "IX Festival Magistrale"]
[Site "Amantea ITA"]
[Date "2011.09.08"]
[Round "5"]
[White "Gromovs, Sergejs"]
[Black "Piscopo, Pierluigi"]
[Result "1/2-1/2"]
[WhiteElo "2297"]
[BlackElo "2373"]
[PlyCount "54"]
[EventDate "2011.09.04"]

1. d4 Nf6 2. c4 c5 3. d5 g6 4. Nc3 Bg7 5. e4 O-O 6. Bg5 h6 7. Bh4 d6 8. Bd3 e6
9. f4 exd5 10. cxd5 Qa5 11. Qd2 Re8 12. Nge2 Bg4 13. O-O c4 14. Bc2 Bxe2 15.
Qxe2 Nxd5 16. f5 g5 17. Bg3 Nxc3 18. bxc3 Nd7 19. Rab1 Qxc3 20. Rfd1 Nc5 21.
Bxd6 Bd4+ 22. Kh1 Rad8 23. Bg3 Qe3 24. Qxc4 Nxe4 25. Rxb7 Nd6 26. Bxd6 Qe1+ 27.
Qf1 Qxf1+ 1/2-1/2

[Event "IX Festival Magistrale"]
[Site "Amantea ITA"]
[Date "2011.09.08"]
[Round "5"]
[White "Hajenius, Willem"]
[Black "Bentivegna, Francesco"]
[Result "0-1"]
[WhiteElo "2002"]
[BlackElo "2322"]
[PlyCount "52"]
[EventDate "2011.09.04"]

1. d4 e6 2. c4 f5 3. e4 fxe4 4. Nc3 Nf6 5. Bg5 Bb4 6. f3 c5 7. Qb3 Nc6 8. dxc5
Nd4 9. Qa4 e5 10. O-O-O Bxc3 11. bxc3 Ne6 12. Be3 O-O 13. Nh3 Qe7 14. Rd5 Nxd5
15. cxd5 Nxc5 16. Qc4 d6 17. Bxc5 Bxh3 18. gxh3 Rac8 19. Qxe4 Rxc5 20. Bd3 g6
21. Rg1 Rf4 22. Rxg6+ Kf8 23. Re6 Rxe4 24. Rxe7 Rxc3+ 25. Kd2 Rxd3+ 26. Kxd3
Rd4+ 0-1

[Event "IX Festival Magistrale"]
[Site "Amantea ITA"]
[Date "2011.09.08"]
[Round "5"]
[White "Levin, Felix"]
[Black "Collutiis, Duilio"]
[Result "1/2-1/2"]
[WhiteElo "2482"]
[BlackElo "2474"]
[PlyCount "23"]
[EventDate "2011.09.04"]

1. Nf3 Nf6 2. c4 c6 3. Nc3 d5 4. e3 Bg4 5. cxd5 Bxf3 6. gxf3 cxd5 7. Qb3 Qd7 8.
d4 Nc6 9. f4 e6 10. Bd2 Be7 11. Rc1 O-O 12. Bd3 1/2-1/2

[Event "IX Festival Magistrale"]
[Site "Amantea ITA"]
[Date "2011.09.08"]
[Round "5"]
[White "Mladenov, Plamen"]
[Black "Rombaldoni, Axel"]
[Result "1-0"]
[WhiteElo "2371"]
[BlackElo "2487"]
[PlyCount "77"]
[EventDate "2011.09.04"]

1. d4 Nf6 2. Nf3 g6 3. c4 Bg7 4. g3 d5 5. cxd5 Nxd5 6. Bg2 Nb6 7. O-O Nc6 8. e3
O-O 9. Nc3 Re8 10. Qe2 e5 11. dxe5 Nxe5 12. Nxe5 Bxe5 13. Rd1 Qe7 14. e4 c6 15.
Bh6 Be6 16. f4 Qc5+ 17. Kh1 Bg7 18. Bxg7 Kxg7 19. e5 Rad8 20. Ne4 Qc4 21. Qf2
Rxd1+ 22. Rxd1 Qxa2 23. Nd6 Re7 24. f5 Bxf5 25. g4 Qa4 26. Rg1 Rxe5 27. gxf5 f6
28. fxg6 hxg6 29. Be4 g5 30. Qh4 Kf8 31. Qh7 Qb3 32. Rf1 Qe6 33. Bg6 Nd5 34.
Bf7 Qd7 35. Qg8+ Ke7 36. Nc8+ Qxc8 37. Qxc8 Kxf7 38. Qxb7+ Ne7 39. Qxa7 1-0